000 01571nam a2200349 a 4500
001 ebr10471834
003 CaPaEBR
006 m u
007 cr cn|||||||||
008 101021s2011 vauac sb 000 0 eng d
010 _z 2010044048
020 _z9781416611134 (pbk. : alk. paper)
020 _z9781416613107 (e-book)
040 _aCaPaEBR
_cCaPaEBR
035 _a(OCoLC)729253216
043 _an-us---
050 1 4 _aLB1025.3
_b.R35 2011eb
082 0 4 _a371.1009173/2
_222
100 1 _aRajagopal, Kadhir.
245 1 0 _aCreate success!
_h[electronic resource] :
_bunlocking the potential of urban students /
_cKadhir Rajagopal.
260 _aAlexandria, Va. :
_bASCD,
_c2011.
300 _axiv, 152 p. :
_bill., port.
504 _aIncludes bibliographical references.
505 0 _aCulturally responsive instruction -- Rigorous expectations and rewards -- Essentials-focused planning -- Assessing for mastery during class -- Test models -- Extra one-on-one tutoring for struggling student.
533 _aElectronic reproduction.
_bPalo Alto, Calif. :
_cebrary,
_d2011.
_nAvailable via World Wide Web.
_nAccess may be limited to ebrary affiliated libraries.
650 0 _aEffective teaching
_zUnited States.
650 0 _aUrban youth
_xEducation
_zUnited States.
650 0 _aStudents with social disabilities
_xEducation
_zUnited States.
655 7 _aElectronic books.
_2local
710 2 _aebrary, Inc.
856 4 0 _uhttp://site.ebrary.com/lib/rucke/Doc?id=10471834
_zAn electronic book accessible through the World Wide Web; click to view
999 _c219654
_d219654